000 00587nam a22002297a 4500
001 24240
003 UA-OsUOA
005 20230914140834.0
007 ta
008 20040211b un ||||| |||| 00| 0 ukr d
040 _aUA-OsUOA
_brus
_cUA-OsUOA
_dUA-OsUOA
041 _arus
044 _aRU
080 _a327
090 _a327
_bП86
245 _aПсихологическая война
_bсборник статей
_cсост. А. Н. Николаев
260 _aМосква
_bПРОГРЕСС
_c1972
300 _a350 с.
650 7 _2UDC
942 _cBK
_2udc
955 _a0
999 _c310507
_d310507